000 00859nam a22002177a 4500
999 _c10735
_d10735
003 AR-CdUCM
008 190401b ||||| |||| 00| 0 spa d
040 _aMUNICIPALIDAD PROVINCIAL DEL CUSCO
_cBIBLIOTECA MUNICIPAL DEL CUSCO
041 _hit
082 _aEP / 790.1 /
_bB696
100 _aBompiani, Emanuela
_927739
245 _aYo juego, tu juegas, todos juegan :
_b270 juegos para todo el año /
260 _aBarcelona :
_bEditorial juventud,
_c1976.
300 _a187 páginas ;
_bIlustraciones,
_c20 cm.
505 _aContenido: Juegos infantiles de todo el mundo -- Juegos para un día de lluvia -- Juegos al aire libre -- Juegos para un viaje en coche -- Juegos para un día de fiesta...
650 _aJuegos de números
_927740
650 _aJuegos con pelota
_927741
650 _aAlternativos
_927742
942 _2ddc
_cLIBROS
945 _adavv